[Event "PK LeisB 2024 groep B"]
[Site "Leiden, Netherlands"]
[Date "2024.06.17"]
[Round "4"]
[White "Bingen, Stanley"]
[Black "Scheele, Peter"]
[Result "0-1"]
[WhiteElo "1546"]
[BlackElo "1561"]
[Annotator "van,Jan"]
[PlyCount "46"]
[EventDate "2024.??.??"]

1. e4 c5 2. Nf3 d6 3. d4 cxd4 4. Nxd4 Nf6 5. f3 g6 6. Be3 Bg7 7. Be2 O-O 8. O-O
Nc6 9. Nc3 a6 10. Rc1 Be6 11. Qd2 Qa5 12. Rcd1 Rad8 13. a3 Nxd4 14. Bxd4 d5 15.
e5 Nd7 16. Qe3 Nxe5 17. Bb6 d4 18. Rxd4 Qxb6 19. Re4 Rd6 20. Qxb6 Rxb6 21. Na4
Rc6 22. b4 Bf5 23. Re3 Rxc2 {notatie onduidelijk} 0-1